| 000 | 00437ngm a22001817a 4500 | ||
|---|---|---|---|
| 005 | 20170529120850.0 | ||
| 008 | 160208b xxu||||| |||| 00| 0 spa d | ||
| 041 | _aspa | ||
| 082 | _a223 DVD | ||
| 245 | _aUn pavorreal en el reino de los pingüinos | ||
| 260 | _aMéxico | ||
| 260 | _bInc | ||
| 260 | _c1995 | ||
| 650 |
_aSUPERACIÓN PERSONAL _92235 |
||
| 650 |
_aPARADIGMAS _911594 |
||
| 650 |
_aCAMBIO TOTAL _941284 |
||
| 942 | _cDVD | ||
| 999 |
_c9486 _d9486 |
||